Tannhäuser in der Kunst

Bibliographic Details
Main Authors: Weigel, Heinrich (Author), Klante, Wolfram (Author), Schulze, Ingrid (Author)
Format: Book
Language:German
PhysicalDescription:276 s. 21 cm
Published: Bucha bei Jena Quartus 1999
ISBN:3931505332
Series:Palmbaum Texte. Kulturgeschichte
Subjects:

MARC

LEADER 00000nam a2200000 a 4500
001 vtls001378434
003 SK-MaSNL
005 20260301071115.0
008 251113s1999 DE acg r y 0 ger
020 |a 3931505332  |c [576,00] 
035 |a SNK000332400 
040 |a SNK  |b slo  |c SNK  |e AACR2 
044 |a DE 
080 |a 7(430)=30  |2 1981 
080 |a 830(091)  |2 1981 
080 |a 82.0=30  |2 1981 
100 1 |a Weigel, Heinrich  |4 aut  |9 388380 
245 1 |a Tannhäuser in der Kunst  |c Heinrich Weigel, Wolfram Klante, Ingrid Schulze 
260 |a Bucha bei Jena  |b Quartus  |c 1999 
300 |a 276 s.  |c 21 cm 
490 1 |a Palmbaum Texte. Kulturgeschichte  |v 6 
600 0 7 |a Tannhäuser,  |d 1205-1266  |2 SNKPH  |9 388381 
650 0 7 |a nemecké umenie  |2 SNKPH  |9 76117 
650 0 7 |a nemecká literatúra  |2 SNKPH  |9 1195 
650 0 7 |a umelecké motívy  |2 SNKPH  |9 388382 
655 7 |a štúdie  |2 SNKPH  |9 57033 
700 1 |a Klante, Wolfram  |4 aut  |9 388383 
700 1 |a Schulze, Ingrid  |4 aut  |9 388384 
830 0 |a Palmbaum Texte. Kulturgeschichte  |9 298933 
919 |a 3-931505-33-2 
999 |c 636624  |d 638554 
952 |t P60, <04>, [BOOK], {604}  |a SNK  |b SNK  |y VYP  |7 0  |p 17A0224888  |o snkIC 128313  |i snkV 209/2000  |0 0  |1 0  |4 0  |d 2000-01-28  |l 0  |r 2005-01-02 00:00:00  |w 2026-02-23